00353nam a2200109Ia 4500008004100000020001500041100002300056245010100079250001200180260003300192300001800225180305s9999 xx 000 0 und d a9712327655 aAcero, VictorinaO. cVictorina O. Acero, Evelyn S. Javier, Herminia O. CastroaPrinciples and Strategies of Teaching/ a1st ed. aManilabRex Book Storec2000 aiv, 284 Pages